000 00584nam a2200217Ia 4500
003 OSt
005 20220928144638.0
006 a|||||r|||| 00| 0
007 ta
008 220927b |||||||| |||| 00| 0 eng d
024 _a72612
037 _cTextual
040 _aSDCL
_cSDCL
_beng
041 _2eng
_aeng
082 _aV2,63'N7, L9
100 _aDarshankar Arjun Rao Y
_9508818
245 0 _aLeadership in panchayati raj
_bA study of Beed destrict .
260 _c1979
942 _hV2,63'N7, L9
_cTEXL
_2CC
999 _c828599
_d828599